000 00436nam a2200169 a 4500
001 37073
005 20180714005857.0
008 140415s1973 000 0 eng d
041 _aeng
082 _a910.9163
_bFIS
100 1 _aFISHER, ALLAN C.
245 1 0 _aINLAND WATERWAY
250 _a1a ed.
260 _a[s.l.] :
_bNATIONAL GEOGRAPHIC SOCIETY,
_c1973
300 _a207
650 1 4 _aEXPLORACIONES
_xATLANTICO
999 _c37073
_d37073